Resilientes pero no indolentes : (Registro nro. 10364)

Detalles MARC
000 -LEADER
fixed length control field 00957nam a22002897a 4500
005 - DATE AND TIME OF LATEST TRANSACTION
control field 20260410113404.0
007 - PHYSICAL DESCRIPTION FIXED FIELD--GENERAL INFORMATION
fixed length control field ta
008 - FIXED-LENGTH DATA ELEMENTS--GENERAL INFORMATION
fixed length control field 260410b |||||||| ||2022| 0 spa d
020 ## - INTERNATIONAL STANDARD BOOK NUMBER
International Standard Book Number 9786124443459
040 ## - FUENTE DE CATALOGACION
Original cataloging agency pelieoe
Idioma de catalogación spa
Transcribing agency pelieoe
Description conventions rda
043 ## - CODIGO DE AREA GEOGRAFICA
Geographic area code pe
050 ## - LIBRARY OF CONGRESS CALL NUMBER
Classification number JL3431 P26 2022
100 1# - MAIN ENTRY--PERSONAL NAME
Personal name Paredes, Carlos E.
9 (RLIN) 2971
Relator term autor
245 ## - TITLE STATEMENT
Title Resilientes pero no indolentes :
Remainder of title reflexiones sobre la crisis peruana /
Statement of responsibility, etc. Carlos E. Paredes Lanatta.
250 ## - EDITION STATEMENT
Edition statement Primera edición
264 ## - PRODUCCION, PUBLICACION, DISTRIBUCION, MANUFACTURA Y NOTA DE COPYRIGHT
Lugar de producción, publicación, distribución, manufactura Lima :
Nombre del productor, editor, distribuidor Universidad Continental,
Fecha of producción, publicación, distribución [2022]
300 ## - PHYSICAL DESCRIPTION
Extent 206 páginas :
Other physical details ilustraciones a colr
336 ## - TIPO DE CONTENIDO
Término de tipo de contenido texto
Código de tipo de contenido txt
337 ## - TIPO DE MEDIO
Nombre de tipo de medio sin mediación
Código de tipo de medio n
338 ## - CARRIER TYPE
Source volumen
Carrier type term rdacarrier
500 ## - GENERAL NOTE
General note "Gestión"
541 ## - IMMEDIATE SOURCE OF ACQUISITION NOTE
Materials specified Libro
650 #0 - SUBJECT ADDED ENTRY--TOPICAL TERM
Topical term or geographic name entry element Administración pública
9 (RLIN) 6230
650 #0 - SUBJECT ADDED ENTRY--TOPICAL TERM
Topical term or geographic name entry element Administración de conflictos
9 (RLIN) 9453
Chronological subdivision Siglo XXI
651 #0 - SUBJECT ADDED ENTRY--GEOGRAPHIC NAME
Geographic name Perú
General subdivision Política y gobierno
9 (RLIN) 3299
Chronological subdivision Siglo XXI
942 ## - ADDED ENTRY ELEMENTS (KOHA)
Source of classification or shelving scheme Library of Congress Classification
Koha item type Libros
Edition 2022
Classification part JL
Call number prefix 3431
Call number suffix P26
Existencias
Withdrawn status Lost status Source of classification or shelving scheme Damaged status Not for loan Home library Current library Date acquired Source of acquisition Total Checkouts Full call number Barcode Date last seen Copy number Price effective from Koha item type
    Library of Congress Classification     Biblioteca de la Escuela Militar de Chorrillos Crl Francisco Bolognesi Biblioteca de la Escuela Militar de Chorrillos Crl Francisco Bolognesi 01/13/2025 Donación   JL3431 P26 2022 BEMCH26042638 04/10/2026 1 04/10/2026 Libros
Horario de salas de trabajo y ambiente de lectura: Lunes a Domingo 24 horas.
Préstamo de libros: Lunes a Viernes 8:30 - 16:00.